00385nam a2200157Ia 45000010006000000050017000060080041000230410008000640820017000721000042000892450038001312600009001693000033001786500008002116540008002192242020260414150830.0260414t2014||||xx |||||||||||||| ||spa|| aESP a621.381bP45 aPérez García, Miguel ÁngeleAUT 0aInstrumentación electrónicab c2014 axix, 570 páginas :c27 cm. aTCA aCET